Simpsons Monorail Song Lyrics Quiz - Statistics

General Stats
  • This quiz has been taken 9 times
  • The average score is 76 of 137
Answer Stats
Answer % Correct
a
100%
I
100%
Mono
100%
monorail
100%
Monorail
100%
be
89%
it
89%
It
89%
on
89%
you
89%
friend
78%
Hindu
78%
Is
78%
life
78%
My
78%
my
78%
No
78%
Not
78%
your
78%
can
67%
D'oh!
67%
hear
67%
the
67%
The
67%
track
67%
What
67%
bend?
56%
called?
56%
chance
56%
could
56%
cushy
56%
given
56%
good
56%
has
56%
jobs
56%
knife
56%
mob
56%
off
56%
pen
56%
pudding
56%
say?
56%
slobs?
56%
spoken
56%
Take
56%
there
56%
What's
56%
about
44%
all
44%
as
44%
broken
44%
by
44%
came
44%
cloud
44%
Devil?
44%
glides
44%
here
44%
level
44%
man
44%
Mum
44%
ring
44%
sent
44%
sir
44%
Sorry
44%
us
44%
Were
44%
You'll
44%
again
33%
and
33%
are
33%
awfully
33%
brain
33%
cracked
33%
dead
33%
I'm
33%
loud
33%
Main
33%
still
33%
Street's
33%
things
33%
those
33%
voice
33%
choice
22%
hands
22%
only
22%
raise
22%
Throw
22%
up
22%
bona-fide
11%
But
11%
car
11%
earth
11%
genuine
11%
it's
11%
like
11%
nothing
11%
Once
11%
six
11%
softly
11%
Springfield's
11%
swear
11%
there's
11%
Well
11%
What'd
11%
right
0%
That's
0%
No matching quizzes found
Score Distribution
Percent of People with Each Score
Percentile by Number Answered
Your Score History
You have not taken this quiz